| 000 | 00671nam a22001937a 4500 | ||
|---|---|---|---|
| 999 |
_c16546 _d16546 |
||
| 003 | AR-CdUCM | ||
| 008 | 190305b ||||| |||| 00| 0 spa d | ||
| 040 |
_aMUNICIPALIDAD PROVINCIAL DEL CUSCO _cBIBLIOTECA MUNICIPAL DEL CUSCO |
||
| 082 |
_a373.1 / _bR74 |
||
| 100 |
_aRodríguez Baca, Melina _936047 |
||
| 245 |
_aMétodos estrategias y técnicas para mejorar la lectura y escritura / _cMelina Rodríguez Baca |
||
| 260 |
_aCusco : _c2011. |
||
| 300 |
_a72 páginas ; _c20 cm. |
||
| 650 |
_aMetodología de enseñanza. _99720 |
||
| 650 |
_aTécnicas de Lectura _936048 |
||
| 650 |
_aTécnicas de aprendizaje. _99910 |
||
| 942 |
_2ddc _cLIBROS |
||
| 945 |
_awfj _d2019-03-05 |
||